| 000 | 00659nam a2200229 a 4500 | ||
|---|---|---|---|
| 001 | BRL_688 | ||
| 005 | 20190320210844.0 | ||
| 008 | 250913s19uu----au-a######---#000-0#ger-# | ||
| 041 | _ager | ||
| 044 | _aau | ||
| 050 | 4 |
_aPT2525 _b.S75 1900 |
|
| 100 | 1 |
_aStifter, Adalbert _d1805-1868 _924653 |
|
| 245 | 1 | 0 |
_aDas Heidedorf _cvon Adalbert Stifter : Mit 6 Originallithographien von Ida Bohatta. |
| 260 |
_aWien _bRunstverlag Anton Schroll _c[19--] |
||
| 300 |
_a94 p. _bil. _c11 cm. |
||
| 500 | _aAu802 | ||
| 650 | 1 | 4 |
_aLiteratura Alemana _96160 |
| 650 | 1 | 4 |
_aCuentos infantiles _914926 |
| 700 | 1 |
_aBohatta, Ida _eil. _924654 |
|
| 902 | _aGRL | ||
| 942 |
_2lcc _cB |
||
| 999 |
_c9500 _d9500 |
||